| 000 | 01750cam a22004454i 4500 | ||
|---|---|---|---|
| 003 | PE-LiUPU | ||
| 005 | 20250731184556.0 | ||
| 008 | 150625s r 000 0 d | ||
| 035 | _a(Sirsi) a39096 | ||
| 040 |
_aPE-LiUPU _bspa _cPE-LiUPU _erda |
||
| 082 | 0 | 4 |
_a985.04 _bR28 _221 |
| 100 | 1 |
_aRávago Bustamante, Enrique de, _d1924- , _eautor. |
|
| 245 | 1 | 0 |
_aAntecedentes y sucesos en la fundación de la República Peruana : _bpensadores, doctrinas y textos histórico - jurídicos. _n2 / _cEnrique de Rávago Bustamante. |
| 264 | 1 |
_aLima : _b[Eds. Misky], _c2007. |
|
| 300 |
_a413 páginas : _bilustraciones, col. mapas, retrs. ; _c26 cm. |
||
| 336 |
_atext _2rdacontent |
||
| 337 |
_aunmediated _2rdamedia |
||
| 338 |
_avolume _2rdacarrier |
||
| 504 | _aIncluye bibliografía. | ||
| 505 | 0 | _aLiberalismo y conservadurismo en el mundo. -Las constituciones peruanas del 800. -Artífices del pensamiento constitucional peruano. | |
| 526 | _aP136 | ||
| 526 | _aP135 | ||
| 526 | _aP134 | ||
| 526 | _aP133 | ||
| 526 | _aP144 | ||
| 526 | _aP143 | ||
| 526 | _aP87 | ||
| 526 | _aP35 | ||
| 526 | _aP20 | ||
| 526 | _aP14 | ||
| 526 | _aP10 | ||
| 526 | _aP06 | ||
| 651 | 4 |
_aPerú _xHistoria _yEmancipación, 1808-1824 _vEnsayos, conferencias, etc. |
|
| 910 |
_bjv _clch _d20080829 |
||
| 942 |
_2ddc _cBOOK |
||
| 949 |
_a985.04 R28 2 _wDEWEY _c1 _i58548 _lCCODEBUL1 _mBUL _p15.00 _r0 _sY _tBOOK _u2015-06-25 _xBIBLIOTECA _zUNKNOWN _0COMPRA _o.STAFF. Colección General |
||
| 596 | _a1 | ||
| 999 |
_a985.04 R28 2 _wDEWEY _c47448 _i58548 _f2021-11-8 _g5 _lCCODEBUL1 _mBUL _p15.00 _r0 _sY _tBOOK _u2015-6-25 _xBIBLIOTECA _zUNKNOWN _0COMPRA _o.STAFF. Colección General _d47448 |
||
| 980 |
_81 _gALBERTO SANCHEZ Responsable de Automatización |
||